| 000 | 00657nam a2200193 i 4500 | ||
|---|---|---|---|
| 001 | 55247 | ||
| 003 | ES-MaACL | ||
| 007 | t| | ||
| 008 | 030916s1983 sp ||||1| spa d | ||
| 100 | 1 |
_aDemaret, Albert. _943623 |
|
| 245 | 1 | 0 |
_aEtología y psiquiatría _b: valor de supervivencia y filogénesis de las enfermedades mentales / _cAlbert Demaret ; [versión de Montserrat Kirchner]. |
| 260 |
_aBarcelona : _bHerder, _c1983. |
||
| 300 |
_a252 p. ; _c22 cm. |
||
| 490 | 1 | _aBiblioteca de psicología | |
| 700 | 1 |
_aKirchner, Montserrat. _968108 |
|
| 830 | 0 |
_aBiblioteca de psicología _9180745 |
|
| 852 |
_aES-MaACL _jL-4260 _bR.104765 |
||
| 999 |
_c55247 _d55247 |
||